Statistics for Australian Capitals From Wettest To Driest

Click here to take the quiz!

General Stats

  • This quiz has been taken 107 times
  • The average score is 7 of 8

Answer Stats

Annual Rainfall Capital % Correct
1214.6mmSydney
97%
1727.5mmDarwin
95%
728mmPerth
95%
648.3mmMelbourne
93%
1021.6mmBrisbane
92%
543.9mmAdelaide
90%
617.4mmCanberra
88%
614mmHobart
87%

Score Distribution

Percentile by Number Answered

Percent of People with Each Score

Your Score History

You have not taken this quiz